000 00450nam a2200193Ia 4500
008 101110s9999 xx 000 0 und d
041 _aENGLISH
082 _bSR4266
_a657
100 _aGupta, Rupram
245 _aBook-Keeping & Accounts
365 _b9
520 _aCommerce
546 _aENGLISH
630 _aBook-Keeping & Accounts
650 _aCommerce
655 _aCommerce
730 _aBook-Keeping & Accounts
942 _cBOOK
999 _c800515
_d800512